Mapa Agronómico Nacional... Hoja nº 630. Yepes. Memoria / (Record no. 135647)
[ view plain ]
| 000 -LEADER | |
|---|---|
| campo de control de longitud fija | 01322nam a2200289 i 4500 |
| 001 - NÚMERO DE CONTROL | |
| campo de control | 135647 |
| 003 - IDENTIFICADOR DE NÚMERO DE CONTROL | |
| campo de control | ES-MaACL |
| 005 - FECHA Y HORA DE LA ÚLTIMA TRANSACCIÓN | |
| campo de control | 20250407174813.0 |
| 007 - CAMPO FIJO DE DESCRIPCIÓN FÍSICA--INFORMACIÓN GENERAL | |
| campo de control de longitud fija | t| |
| 008 - DATOS DE LONGITUD FIJA--INFORMACIÓN GENERAL | |
| campo de control de longitud fija | 070720n1944 sp ||||1| spa d |
| 100 1# - ENTRADA PRINCIPAL--NOMBRE DE PERSONA | |
| Nombre de persona | Torrejón y Boneta, Angel de. |
| 9 (RLIN) | 110812 |
| 245 10 - MENCIÓN DEL TÍTULO | |
| Título | Mapa Agronómico Nacional... Hoja nº 630. Yepes. Memoria / |
| Mención de responsabilidad, etc. | Angel de Torrejón y Boneta. |
| 260 ## - PUBLICACIÓN, DISTRIBUCIÓN, ETC. | |
| Lugar de publicación, distribución, etc. | Madrid : |
| Nombre del editor, distribuidor, etc. | [s.n.], |
| Fecha de publicación, distribución, etc. | [1944?] |
| 300 ## - DESCRIPCIÓN FÍSICA | |
| Extensión | 120 p., 9 lám. 4 gráf.. pleg., 2 map. sueltos nº 630 ; |
| Dimensiones | 24 cm. |
| 500 ## - NOTA GENERAL | |
| Nota general | En el n. 4. |
| 500 ## - NOTA GENERAL | |
| Nota general | Precede al tít.: Ministerio de Agricultura. Consejo Agronómico. |
| 505 1# - NOTA DE CONTENIDO CON FORMATO | |
| Nota de contenido con formato | Contiene: |
| Título | Yepes: Mapa Agronómico Nacional de España. Zona de Suelos. 630 |
| -- | Yepes: Mapa Agronómico Nacional de España. Masas de Cultivo y forestales. 630 |
| 510 ## - NOTA DE CITAS O REFERENCIAS BIBLIOGRÁFICAS | |
| Nombre de la fuente | CCPB, |
| Localización dentro de la fuente | 001207578-7 |
| 710 1# - ENTRADA AGREGADA--NOMBRE DE ENTIDAD CORPORATIVA | |
| Nombre de entidad corporativa o nombre de jurisdicción como elemento de entrada | España. |
| Unidad subordinada | Ministerio de Agricultura. |
| 9 (RLIN) | 3837 |
| 852 ## - LOCALIZACIÓN | |
| Ubicación | ES-MaACL |
| Número de control de estantería | D-6590 |
| Sublocalización o colección | R.30927 |
| -- | R.M.6180 |
| itemnumber | 140552 |
| Ubicación en estantería | Sala Valle Inclán |
| Marcas de propiedad | Sello en tinta azul de la Biblioteca del Ateneo de Madrid |
| 852 ## - LOCALIZACIÓN | |
| Ubicación | ES-MaACL |
| Número de control de estantería | MAP-ARG/4-1 |
| Sublocalización o colección | R.30927 |
| itemnumber | 204660 |
| Ubicación en estantería | Planero |
| 852 ## - LOCALIZACIÓN | |
| Ubicación | ES-MaACL |
| Número de control de estantería | MAP-ARG/4-2 |
| Sublocalización o colección | R.30927 |
| itemnumber | 20461 |
| Ubicación en estantería | Planero |
| 942 ## - ELEMENTOS DE ENTRADA SECUNDARIOS (KOHA) | |
| Fuente del sistema de clasificación o colocación | Clasificación decimal universal |
| Tipo de ítem Koha | Libro impreso |
| Estatus retirado | Estado de pérdida | Estado de daño | No para préstamo | Biblioteca de origen | Biblioteca actual | Ubicación en estantería | Fecha de adquisición | Fuente de adquisición | Total de préstamos | Signatura topográfica completa | Código de barras | Visto por última vez | Precio de reemplazo | Tipo de ítem Koha | Fuente del sistema de clasificación o colocación |
|---|---|---|---|---|---|---|---|---|---|---|---|---|---|---|---|
| Biblioteca del Ateneo de Madrid | Biblioteca del Ateneo de Madrid | Sala Valle Inclán | 17/01/2008 | D-6590 | 901141177 | 23/02/2023 | 23/02/2023 | Libro impreso | |||||||
| Biblioteca del Ateneo de Madrid | Biblioteca del Ateneo de Madrid | Planero | 03/03/2025 | MAP-ARG/4-1 | 101229471 | 03/03/2025 | 03/03/2025 | Mapa | Clasificación decimal universal | ||||||
| Biblioteca del Ateneo de Madrid | Biblioteca del Ateneo de Madrid | Planero | 03/03/2025 | MAP-ARG/4-2 | 101229472 | 03/03/2025 | 03/03/2025 | Mapa | Clasificación decimal universal |
